[Event "Mendoza Mes de la Revolucion Cup"]
[Site "Mendoza"]
[Date "2021.05.15"]
[Round "6"]
[White "Boccia, Nicolas"]
[Black "Gomez, Mauricio"]
[Result "1-0"]
[WhiteElo "1794"]
[BlackElo "1439"]
[PlyCount "129"]
[EventDate "2021.05.08"]
[EventType "tourn"]
[EventRounds "9"]
[EventCountry "ARG"]
[SourceTitle "CBM 202 Extra"]
[Source "ChessBase"]
[SourceDate "2021.07.31"]
[SourceVersion "1"]
[SourceVersionDate "2021.07.31"]
[SourceQuality "1"]

1. d4 d5 2. Bf4 Bf5 3. Nf3 Nf6 4. e3 c6 5. Nbd2 e6 6. Be2 Be7 7. Ne5 Nbd7 8. c3 Nxe5 9. Bxe5 Bd6 10. f4 Bxe5 11. fxe5 Ne4 12. 0-0 Qg5 13. Rf3 h5 14. Nxe4 Bxe4 15. Rg3 Qh6 16. h4 Kd7 17. Rg5 g6 18. Qb3 Kc7 19. Rf1 Qg7 20. Qb4 Rad8 21. a4 Qf8 22. Qa5+ Kb8 23. c4 dxc4 24. Bxc4 Qe7 25. Qc3 Rhf8 26. Rf6 Qc7 27. b4 a6 28. Rf4 Bf5 29. Be2 Qe7 30. e4 Bg4 31. Bxg4 hxg4 32. Kf2 Qd7 33. Ke3 c5 34. bxc5 Qxa4 35. Rf2 Qd1 36. Qd2 Qb3+ 37. Qd3 Qb4 38. Rxg4 Qe1+ 39. Qe2 Qa1 40. Qd2 Qa3+ 41. Qd3 Qc1+ 42. Kf3 f5 43. exf6 Rxf6+ 44. Kg3 Rxf2 45. Kxf2 Rf8+ 46. Kg3 Qe1+ 47. Kh2 Rf1 48. Qg3+ Qxg3+ 49. Kxg3 Rd1 50. Rxg6 Rxd4 51. h5 Rd8 52. h6 Kc7 53. Rxe6 Rg8+ 54. Kf3 a5 55. g4 a4 56. Rd6 a3 57. Rd2 Kc6 58. Ra2 Kxc5 59. Rxa3 Rg6 60. Ra5+ b5 61. h7 Rf6+ 62. Ke3 Rh6 63. Ra7 b4 64. g5 Rh3+ 65. Kf4 1-0

[Event "Sarmiento Erbe Memorial 3rd"]
[Site "Sarmiento"]
[Date "2018.09.21"]
[Round "1.1"]
[White "Boccia, Nicolas"]
[Black "Gimenez Aguirre, Ismael Alejo"]
[Result "0-1"]
[WhiteElo "1786"]
[BlackElo "2253"]
[PlyCount "96"]
[EventDate "2018.09.21"]
[EventType "swiss"]
[EventRounds "6"]
[EventCountry "ARG"]
[SourceTitle "EXT 2024"]
[Source "ChessBase"]
[SourceDate "2023.10.10"]
[SourceVersion "1"]
[SourceVersionDate "2023.10.10"]
[SourceQuality "1"]

1. d4 Nf6 2. c4 e6 3. Nf3 Bb4+ 4. Bd2 Qe7 5. Qb3 Bxd2+ 6. Nbxd2 d5 7. e3 0-0 8. Bd3 c5 9. cxd5 exd5 10. dxc5 Qxc5 11. Rd1 Nc6 12. 0-0 Re8 13. Rc1 Qe7 14. h3 Be6 15. Qa4 a6 16. Nd4 Ne5 17. Be2 Rac8 18. N2f3 Nc4 19. Nxe6 Qxe6 20. Nd4 Qd6 21. Bxc4 dxc4 22. Rxc4 b5 23. Qb4 Qb6 24. Rfc1 Rxc4 25. Rxc4 Nd5 26. Rc6 Qxc6 27. Nxc6 Nxb4 28. Nxb4 Re6 29. Kf1 f5 30. h4 Kf7 31. g3 Kg6 32. Nd3 Rd6 33. Ke2 Kf6 34. b4 g5 35. hxg5+ Kxg5 36. Nc5 Rc6 37. a4 bxa4 38. Nxa4 Rc1 39. Nc5 a5 40. Ne6+ Kf6 41. Nf4 axb4 42. Kd3 Rc5 43. Kd4 Rc2 44. Nd5+ Kg5 45. Nxb4 Rxf2 46. e4 Rf3 47. exf5 Rxg3 48. Ke4 Rg4+ 0-1

[Event "San Luis Complejo Recreativo Betania"]
[Site "San Luis"]
[Date "2018.02.02"]
[Round "1.5"]
[White "Mac Donal, Oscar"]
[Black "Boccia, Nicolas"]
[Result "1-0"]
[WhiteElo "2044"]
[BlackElo "1802"]
[PlyCount "53"]
[EventDate "2018.02.02"]
[EventType "swiss"]
[EventRounds "6"]
[EventCountry "ARG"]
[SourceTitle "EXT 2024"]
[Source "ChessBase"]
[SourceDate "2023.10.10"]
[SourceVersion "1"]
[SourceVersionDate "2023.10.10"]
[SourceQuality "1"]

1. e4 Nf6 2. e5 Nd5 3. g3 d6 4. d4 Bf5 5. Bd3 Bxd3 6. Qxd3 dxe5 7. dxe5 Nc6 8. Nf3 e6 9. 0-0 Ndb4 10. Qe2 Be7 11. Rd1 Qc8 12. Nc3 0-0 13. a3 Na6 14. b4 Ncb8 15. Bg5 Bxg5 16. Nxg5 h6 17. Nce4 Nd7 18. Nf3 Nab8 19. Qd2 Rd8 20. Nf6+ Kh8 21. Qf4 Nf8 22. Ng5 Rxd1+ 23. Rxd1 hxg5 24. Qxg5 gxf6 25. Qh6+ Nh7 26. exf6 Qg8 27. Rd8 1-0

[Event "ARG-ch sf U2300 Independencia"]
[Site "San Luis"]
[Date "2016.07.09"]
[Round "5.11"]
[White "Boccia, Nicolas"]
[Black "Werner, Joaquin"]
[Result "0-1"]
[WhiteElo "1724"]
[BlackElo "1859"]
[PlyCount "64"]
[EventDate "2016.07.08"]
[EventType "swiss"]
[EventRounds "7"]
[EventCountry "ARG"]
[SourceTitle "EXT 2024"]
[Source "ChessBase"]
[SourceDate "2023.10.10"]
[SourceVersion "1"]
[SourceVersionDate "2023.10.10"]
[SourceQuality "1"]

1. d4 Nf6 2. Bf4 d5 3. Nf3 c5 4. e3 Nc6 5. c3 Qb6 6. Qc2 Bf5 7. Qxf5 Qxb2 8. Qd3 c4 9. Qd2 Qxa1 10. Qc2 Ne4 11. Nfd2 Nxc3 12. Qxc3 Qxa2 13. Be2 e6 14. 0-0 Bb4 15. Qc1 b5 16. Nc3 Bxc3 17. Qxc3 b4 18. Qc1 c3 19. Bb5 Rc8 20. Nf3 0-0 21. Qa1 Qxa1 22. Rxa1 b3 23. Ba4 Na5 24. Ne1 c2 25. e4 b2 26. Nxc2 bxa1Q+ 27. Nxa1 dxe4 28. g4 Rc4 29. Bb5 Rb4 30. Bd7 Rb1+ 31. Kg2 Rxa1 32. Bd2 Rd8 0-1

[Event "ARG-ch sf U2300 Independencia"]
[Site "San Luis"]
[Date "2016.07.09"]
[Round "7.8"]
[White "Caruso, Tomas"]
[Black "Boccia, Nicolas"]
[Result "1-0"]
[WhiteElo "1894"]
[BlackElo "1724"]
[PlyCount "79"]
[EventDate "2016.07.08"]
[EventType "swiss"]
[EventRounds "7"]
[EventCountry "ARG"]
[SourceTitle "EXT 2024"]
[Source "ChessBase"]
[SourceDate "2023.10.10"]
[SourceVersion "1"]
[SourceVersionDate "2023.10.10"]
[SourceQuality "1"]

1. d4 Nf6 2. c4 e6 3. Nc3 Bb4 4. Qc2 0-0 5. e4 c5 6. a3 Bxc3+ 7. bxc3 Nc6 8. Nf3 h6 9. Bd3 b6 10. 0-0 Ne8 11. Bf4 d6 12. Rad1 Qf6 13. Be3 e5 14. d5 Ne7 15. Ne1 g5 16. f3 Ng6 17. Qf2 Ng7 18. Be2 Qe7 19. Bd3 Nh5 20. Bc2 Bd7 21. Ra1 Kh7 22. Kh1 Nhf4 23. Nd3 Rg8 24. Qd2 Rg7 25. g3 Nh5 26. f4 exf4 27. Nxf4 gxf4 28. gxf4 Qh4 29. Rg1 Bg4 30. Raf1 Qh3 31. Qf2 Nh4 32. e5+ Kh8 33. Be4 Rag8 34. exd6 Bf3+ 35. Bxf3 Rxg1+ 36. Rxg1 Qxf3+ 37. Qxf3 Rxg1+ 38. Bxg1 Nxf3 39. d7 Nxf4 40. d8Q+ 1-0

[Event "Cordoba Villa Giardino op 15th"]
[Site "Cordoba"]
[Date "2016.05.26"]
[Round "4"]
[White "Boccia, Nicolas"]
[Black "Pierucci, Fabian"]
[Result "1-0"]
[WhiteElo "1724"]
[BlackElo "2078"]
[PlyCount "119"]
[EventDate "2016.05.25"]
[EventType "swiss"]
[EventRounds "7"]
[EventCountry "ARG"]
[SourceTitle "EXT 2024"]
[Source "ChessBase"]
[SourceDate "2023.10.10"]
[SourceVersion "1"]
[SourceVersionDate "2023.10.10"]
[SourceQuality "1"]

1. c4 e5 2. Nc3 Nc6 3. e3 Nf6 4. Nf3 d5 5. cxd5 Nxd5 6. Bc4 Nxc3 7. bxc3 Bd6 8. d4 exd4 9. cxd4 0-0 10. 0-0 Bg4 11. h3 Bh5 12. Rb1 a6 13. Be2 Rb8 14. a4 Qf6 15. Bd2 Bg6 16. Rb3 Rfe8 17. Bc3 Qd8 18. Bd3 Ne7 19. e4 c6 20. a5 Bc7 21. Qb1 Qc8 22. Nd2 Kh8 23. f4 f5 24. e5 Nd5 25. Nc4 Rd8 26. Be1 Ne7 27. Bh4 Re8 28. Bxe7 Rxe7 29. Rd1 Re8 30. Be2 Bf7 31. Nb6 Qd8 32. Bc4 Bxc4 33. Nxc4 g6 34. Rxb7 Qd5 35. Ne3 Qxa5 36. Rf1 Qa3 37. Nc4 Qa4 38. Rxb8 Rxb8 39. Qc2 Qb4 40. Qd3 Bb6 41. Nxb6 Qxb6 42. Kh2 Rc8 43. e6 Kg8 44. d5 Qb4 45. Qf3 Qd4 46. Rd1 Qc4 47. dxc6 Qxe6 48. Rc1 Rc7 49. Qc3 a5 50. Qxa5 Qd6 51. Qa8+ Kg7 52. Qa1+ Kh6 53. Qa4 g5 54. Kg3 Qd2 55. Rf1 Qd6 56. Rc1 Qe7 57. Rf1 Qd6 58. Qc2 Rxc6 59. Qxf5 Rc3+ 60. Kg4 1-0

[Event "Cordoba Villa Giardino op 15th"]
[Site "Cordoba"]
[Date "2016.05.25"]
[Round "2"]
[White "Boccia, Nicolas"]
[Black "Randaxhe, Luciana"]
[Result "1-0"]
[WhiteElo "1724"]
[BlackElo "1882"]
[PlyCount "107"]
[EventDate "2016.05.25"]
[EventType "swiss"]
[EventRounds "7"]
[EventCountry "ARG"]
[SourceTitle "EXT 2024"]
[Source "ChessBase"]
[SourceDate "2023.10.10"]
[SourceVersion "1"]
[SourceVersionDate "2023.10.10"]
[SourceQuality "1"]

1. d4 d5 2. Nf3 Nf6 3. Bf4 c5 4. e3 Nc6 5. c3 Qb6 6. Qc2 cxd4 7. exd4 Bf5 8. Qxf5 Qxb2 9. Be2 Qxa1 10. Qc2 Ne4 11. 0-0 Rc8 12. Bb5 a6 13. Bxc6+ Rxc6 14. Ne5 e6 15. Nxc6 bxc6 16. Bc1 Be7 17. f3 Nd6 18. Na3 Nf5 19. Bf4 Nxd4 20. Rxa1 Nxc2 21. Nxc2 Bf6 22. Rb1 0-0 23. Rb3 h6 24. Bd6 Rd8 25. Bc5 Rc8 26. Kf2 Bd8 27. Ke3 e5 28. Bd6 f6 29. Rb8 Rxb8 30. Bxb8 Bb6+ 31. Kd3 a5 32. Bd6 Kf7 33. c4 Ke6 34. c5 Bd8 35. g4 g6 36. a4 f5 37. h3 h5 38. Na1 e4+ 39. Ke3 Bf6 40. Nb3 d4+ 41. Nxd4+ Bxd4+ 42. Kxd4 exf3 43. gxf5+ gxf5 44. Ke3 f2 45. Kxf2 Kd5 46. Ke3 Kc4 47. Kf4 Kb4 48. Kxf5 Kxa4 49. Kg5 Kb4 50. Kxh5 a4 51. Kg4 a3 52. h4 a2 53. Be5 Kxc5 54. h5 1-0